[Event "Southern California-ch"]
[Site "Van Nuys"]
[Date "2025.05.23"]
[Round "1"]
[White "Ghazarian, Kirk Vagho"]
[Black "Batchuluun, Tsegmed"]
[Result "1/2-1/2"]
[WhiteElo "2508"]
[BlackElo "2430"]
[PlyCount "120"]
[EventDate "2025.05.23"]
[EventType "tourn"]
[EventRounds "7"]
[EventCountry "USA"]
[EventCategory "10"]
[SourceTitle "CB22_2025"]
[SourceDate "2025.05.28"]
[SourceVersion "1"]
[SourceVersionDate "2025.05.28"]
[SourceQuality "1"]

1. c4 e5 2. g3 Nf6 3. Bg2 d5 4. cxd5 Nxd5 5. Nf3 Nc6 6. 0-0 Nb6 7. b3 Be7 8. Bb2 f6 9. Na3 0-0 10. Nc2 Be6 11. e4 Qd3 12. Re1 Rad8 13. Bf1 Qd7 14. d4 Nxd4 15. Nfxd4 exd4 16. Qxd4 Qc6 17. Qc3 Qxc3 18. Bxc3 Bc5 19. Rac1 c6 20. Kg2 Rd7 21. Ne3 Bd4 22. Bb4 Rfd8 23. Nc2 Bb2 24. Rb1 Be5 25. Ne3 Bd6 26. Ba5 Bc7 27. Bc3 Be5 28. Ba5 Bc7 29. f4 Nc8 30. Bxc7 Rxc7 31. Rbd1 Rcd7 32. Rxd7 Rxd7 33. Rd1 Rxd1 34. Nxd1 Kf8 35. Kf3 Ke7 36. Ke3 Kd6 37. Kd4 c5+ 38. Kc3 Kc6 39. Bc4 Bxc4 40. bxc4 a6 41. a4 b5 42. cxb5+ axb5 43. axb5+ Kxb5 44. Ne3 Nd6 45. Kd3 Kc6 46. h4 Kd7 47. g4 Ke6 48. Nf5 Ne8 49. g5 fxg5 50. hxg5 Kd7 51. Kc4 g6 52. Ne3 Kc6 53. Kd3 Ng7 54. e5 Nh5 55. Ke4 Ng3+ 56. Kf3 Nh5 57. Ng4 Kd5 58. Nf6+ Nxf6 59. exf6 Ke6 60. Ke4 h5 1/2-1/2

[Event "Menorca op-A 4th"]
[Site "Ciutadella"]
[Date "2025.04.26"]
[Round "7"]
[White "Zanan, Evgeny"]
[Black "Ghazarian, Kirk Vagho"]
[Result "1/2-1/2"]
[WhiteElo "2454"]
[BlackElo "2493"]
[PlyCount "60"]
[EventDate "2025.04.22"]
[EventType "swiss"]
[EventRounds "9"]
[EventCountry "ESP"]
[SourceTitle "CB18_2025"]
[SourceDate "2025.04.30"]
[SourceVersion "1"]
[SourceVersionDate "2025.04.30"]
[SourceQuality "1"]

1. e4 e6 2. d4 d5 3. Nd2 c5 4. exd5 Qxd5 5. Ngf3 cxd4 6. Bc4 Qd7 7. 0-0 Nc6 8. Bb5 a6 9. Ne5 Qd5 10. Bxc6+ bxc6 11. Re1 f6 12. Nec4 Rb8 13. b3 Nh6 14. Ne4 Nf7 15. c3 dxc3 16. Qc2 Be7 17. Nxc3 Qh5 18. Qe4 0-0 19. Qxc6 Qg6 20. Qf3 Bb7 21. Qg3 Bb4 22. Qxg6 hxg6 23. Bb2 e5 24. Rac1 Rfd8 25. Ba3 Bxa3 26. Nxa3 Ng5 27. Nc4 Ne6 28. f3 Nf4 29. Rcd1 g5 30. h3 Bc6 1/2-1/2

[Event "Menorca op-A 4th"]
[Site "Ciutadella"]
[Date "2025.04.25"]
[Round "6"]
[White "Ghazarian, Kirk Vagho"]
[Black "Murzin, Volodar"]
[Result "1/2-1/2"]
[WhiteElo "2493"]
[BlackElo "2658"]
[PlyCount "103"]
[EventDate "2025.04.22"]
[EventType "swiss"]
[EventRounds "9"]
[EventCountry "ESP"]
[SourceTitle "CB18_2025"]
[SourceDate "2025.04.30"]
[SourceVersion "1"]
[SourceVersionDate "2025.04.30"]
[SourceQuality "1"]

1. c4 Nf6 2. Nf3 e6 3. g3 d5 4. Bg2 d4 5. 0-0 Nc6 6. d3 Be7 7. e3 e5 8. exd4 exd4 9. Re1 0-0 10. Na3 Bg4 11. h3 Bh5 12. Bf4 Bd6 13. Bxd6 Qxd6 14. Qd2 a6 15. Nc2 a5 16. Na3 Qb4 17. Qxb4 Nxb4 18. Nxd4 Rad8 19. Nf5 Nxd3 20. Re7 Bg6 21. Nh4 Nxb2 22. Rxc7 Bd3 23. Rxb7 Nxc4 24. Nxc4 Bxc4 25. Ra7 Rd2 26. Rxa5 Rfd8 27. a4 Rd1+ 28. Rxd1 Rxd1+ 29. Kh2 g6 30. Rc5 Be6 31. a5 Ra1 32. Bc6 Kg7 33. Nf3 Ra2 34. Kg2 Bf5 35. Re5 Bd3 36. Nd4 Bc4 37. g4 Nd5 38. Bxd5 Rxa5 39. Bxc4 Rxe5 40. Nf3 Rc5 41. Bf1 h6 42. Kg3 Rc1 43. Be2 Rc2 44. Ng1 Rc1 45. Kg2 Kf6 46. Bf3 Ke5 47. Ne2 Ra1 48. h4 Ra3 49. Kg3 Ra4 50. Nc3 Ra3 51. Ne2 Ra4 52. Nc3 1/2-1/2

[Event "Menorca op-A 4th"]
[Site "Ciutadella"]
[Date "2025.04.24"]
[Round "5"]
[White "Aradhya, Garg"]
[Black "Ghazarian, Kirk Vagho"]
[Result "0-1"]
[WhiteElo "2387"]
[BlackElo "2493"]
[PlyCount "102"]
[EventDate "2025.04.22"]
[EventType "swiss"]
[EventRounds "9"]
[EventCountry "ESP"]
[SourceTitle "CB18_2025"]
[SourceDate "2025.04.30"]
[SourceVersion "1"]
[SourceVersionDate "2025.04.30"]
[SourceQuality "1"]

1. d4 Nf6 2. Nf3 e6 3. Bg5 h6 4. Bxf6 Qxf6 5. e4 d6 6. Nc3 g6 7. Qd2 Bg7 8. 0-0-0 0-0 9. e5 Qe7 10. Bd3 Nd7 11. Rhe1 d5 12. Nb5 a6 13. Qa5 b6 14. Qa3 Qd8 15. c4 axb5 16. Qxa8 bxc4 17. Bc2 c5 18. Qa7 Re8 19. b3 Re7 20. Qa4 cxb3 21. axb3 Qc7 22. Kd2 Bb7 23. Ra1 Re8 24. dxc5 bxc5 25. h4 Rc8 26. Qf4 Qb6 27. Qa4 Bc6 28. Qa6 Qb8 29. Rab1 Qb4+ 30. Kd1 Nb6 31. Qa7 d4 32. Nd2 Ra8 33. Qc7 Qb5 34. Be4 Nd5 35. Bxd5 Bxd5 36. Re2 Bf8 37. Ke1 Qa6 38. b4 cxb4 39. Qc1 Rc8 40. Qb2 Qd3 41. Rc1 Rc3 42. f3 b3 43. Kf2 h5 44. Nb1 Bc5 45. Nd2 Rc2 46. Rxc2 Qxc2 47. Ne4 d3+ 48. Nxc5 Qxc5+ 49. Re3 Qc2+ 50. Qxc2 bxc2 51. Re1 d2 0-1

[Event "NOR-chT Elite 2425"]
[Site "Norway"]
[Date "2025.03.09"]
[Round "9.11"]
[White "Ghazarian, Kirk Vagho"]
[Black "Djurhuus, Rune"]
[Result "1/2-1/2"]
[WhiteElo "2493"]
[BlackElo "2367"]
[PlyCount "174"]
[EventDate "2024.10.25"]
[EventType "team-tourn"]
[EventRounds "9"]
[EventCountry "NOR"]
[SourceTitle "CB16_2025"]
[SourceDate "2025.04.16"]
[SourceVersion "1"]
[SourceVersionDate "2025.04.16"]
[SourceQuality "1"]
[WhiteTeam "Barum"]
[BlackTeam "Nordstrand"]
[WhiteTeamCountry "NOR"]
[BlackTeamCountry "NOR"]

1. d4 Nf6 2. c4 c5 3. d5 b5 4. cxb5 a6 5. bxa6 e6 6. Nc3 exd5 7. Nxd5 Be7 8. Nxe7 Qxe7 9. Nf3 0-0 10. Bf4 d5 11. e3 Rd8 12. Bb5 Bxa6 13. Bxa6 Rxa6 14. 0-0 Nc6 15. Qe2 Rda8 16. a3 h6 17. Rac1 Rb6 18. Rfd1 Nh5 19. Qc2 Nxf4 20. exf4 Qf6 21. Qxc5 Qxb2 22. Qxd5 Rd8 23. Qc5 Ra6 24. Rxd8+ Nxd8 25. Rd1 Ra8 26. f5 Nb7 27. Qb4 Qc2 28. Re1 Na5 29. Nd4 Qd3 30. Rc1 Rd8 31. Qxa5 Qxd4 32. h3 Rd5 33. Qb4 Qf6 34. Qe4 Re5 35. Qd3 h5 36. g3 Ra5 37. Kg2 Qxf5 38. Qxf5 Rxf5 39. a4 Kf8 40. Ra1 Ra5 41. Kf3 Ke7 42. Ke4 Kd6 43. Ra2 g5 44. f4 gxf4 45. Kxf4 Ke6 46. Ra3 Rf5+ 47. Ke4 Ra5 48. Ra1 Kd6 49. Kd4 Kc6 50. Ra3 Kd6 51. Ra2 Kc6 52. Ra3 Kd6 53. h4 Kc6 54. Rc3+ Kd6 55. Rc4 Rf5 56. Ke3 Ra5 57. Re4 f5 58. Rb4 Ra8 59. Rb5 Ke6 60. a5 Rg8 61. Kf3 Rg4 62. Rb6+ Ke5 63. Rb5+ Kf6 64. Rb6+ Ke5 65. a6 Ra4 66. Rg6 Ra3+ 67. Ke2 f4 68. gxf4+ Kxf4 69. Kd2 Kf5 70. Rc6 Kg4 71. Rc4+ Kf5 72. Rc6 Kg4 73. Kc2 Kxh4 74. Kb2 Ra5 75. Kb3 Rb5+ 76. Kc4 Rb8 77. a7 Ra8 78. Ra6 Kg3 79. Kd5 h4 80. Ra3+ Kg2 81. Ra2+ Kg3 82. Ra3+ Kg2 83. Kc6 h3 84. Kb7 Rxa7+ 85. Kxa7 h2 86. Ra2+ Kg3 87. Rxh2 Kxh2 1/2-1/2

[Event "Prague op"]
[Site "Prague"]
[Date "2025.03.02"]
[Round "4"]
[White "Ghazarian, Kirk Vagho"]
[Black "Kulhanek, Tomas"]
[Result "1-0"]
[WhiteElo "2493"]
[BlackElo "2320"]
[PlyCount "81"]
[EventDate "2025.02.27"]
[EventType "swiss"]
[EventRounds "9"]
[EventCountry "CZE"]
[SourceTitle "CB11_2025"]
[SourceDate "2025.03.12"]
[SourceVersion "1"]
[SourceVersionDate "2025.03.12"]
[SourceQuality "1"]

1. d4 Nf6 2. c4 e6 3. Nf3 Bb4+ 4. Bd2 a5 5. a3 Bxd2+ 6. Qxd2 b6 7. Nc3 Bb7 8. e3 Ne4 9. Nxe4 Bxe4 10. Bd3 Bxd3 11. Qxd3 0-0 12. h4 d5 13. Rc1 c6 14. Ng5 g6 15. f4 Qf6 16. h5 h6 17. Nf3 Qf5 18. Kd2 dxc4 19. Rxc4 Qg4 20. Rh2 b5 21. Rc1 g5 22. fxg5 hxg5 23. h6 Qg3 24. Qf1 Nd7 25. Rh5 f6 26. Rxc6 Rac8 27. Rh3 Qg4 28. Rxc8 Rxc8 29. Ne1 a4 30. Qxb5 Nc5 31. dxc5 Rd8+ 32. Kc3 Qd1 33. Nd3 g4 34. h7+ Kh8 35. Rh6 e5 36. Rxf6 e4 37. Rd6 Rf8 38. Qc4 exd3 39. Qd4+ Kxh7 40. Qxd3+ Qxd3+ 41. Kxd3 1-0

[Event "Hastings Masters op 98th"]
[Site "Hastings"]
[Date "2025.01.02"]
[Round "8"]
[White "Ghazarian, Kirk Vagho"]
[Black "Zhou, Yang Fan"]
[Result "1-0"]
[WhiteElo "2501"]
[BlackElo "2424"]
[PlyCount "95"]
[EventDate "2024.12.28"]
[EventType "swiss"]
[EventRounds "9"]
[EventCountry "ENG"]
[SourceTitle "CB02_2025"]
[SourceDate "2025.01.08"]
[SourceVersion "1"]
[SourceVersionDate "2025.01.08"]
[SourceQuality "1"]

1. d4 Nf6 2. c4 g6 3. g3 Bg7 4. Bg2 0-0 5. Nf3 d6 6. Nc3 c5 7. d5 e6 8. 0-0 exd5 9. cxd5 a6 10. a4 Re8 11. Re1 Ne4 12. Nxe4 Rxe4 13. Qc2 Rb4 14. Ra2 b5 15. axb5 Rxb5 16. e4 Nd7 17. Bf4 Qe7 18. Bf1 Rb6 19. Bg5 Bf6 20. Bd2 Rab8 21. Bc3 Bxc3 22. bxc3 Nf6 23. Bc4 Ng4 24. Nd2 Qb7 25. Be2 Nf6 26. Nc4 Rb1 27. Rxb1 Qxb1+ 28. Qxb1 Rxb1+ 29. Kg2 Ne8 30. Nd2 Rc1 31. Bxa6 Bxa6 32. Rxa6 Rxc3 33. Ra8 Kf8 34. e5 Rd3 35. Ne4 dxe5 36. d6 f5 37. Nf6 Rxd6 38. Nxe8 Rd4 39. Nc7+ Kf7 40. Nb5 Rb4 41. Nc3 Rb3 42. Nd5 Ke6 43. Rd8 c4 44. Ne3 Rd3 45. Re8+ Kf6 46. Nxc4 e4 47. h4 f4 48. Rf8+ 1-0

[Event "Hastings Masters op 98th"]
[Site "Hastings"]
[Date "2024.12.31"]
[Round "6"]
[White "Bozinakis, Pavlos"]
[Black "Ghazarian, Kirk Vagho"]
[Result "0-1"]
[WhiteElo "2271"]
[BlackElo "2501"]
[PlyCount "96"]
[EventDate "2024.12.28"]
[EventType "swiss"]
[EventRounds "9"]
[EventCountry "ENG"]
[SourceTitle "CB02_2025"]
[SourceDate "2025.01.08"]
[SourceVersion "1"]
[SourceVersionDate "2025.01.08"]
[SourceQuality "1"]

1. c4 Nf6 2. g3 e5 3. Bg2 Bc5 4. Nc3 c6 5. Nf3 e4 6. Nh4 d5 7. cxd5 cxd5 8. d3 Ng4 9. 0-0 g5 10. d4 Bb6 11. h3 gxh4 12. hxg4 Nc6 13. Bf4 Bxg4 14. Qa4 0-0 15. e3 Ba5 16. Rfc1 Nb4 17. Qb3 Be6 18. Qd1 Nd3 19. Qh5 Nxc1 20. Rxc1 Rc8 21. g4 Rc6 22. Bg5 f6 23. Bxh4 Qe8 24. Qxe8 Rxe8 25. Bxf6 Bxg4 26. Be5 Rec8 27. Rb1 Bxc3 28. bxc3 b6 29. Rb5 Be6 30. a4 Rxc3 31. a5 R3c6 32. f3 exf3 33. Bxf3 Rd8 34. e4 Rc3 35. Bg2 dxe4 36. axb6 axb6 37. Bxe4 Rb3 38. Rxb3 Bxb3 39. Kf2 b5 40. Ke3 b4 41. Kd3 Be6 42. Bc7 Rd7 43. Ba5 b3 44. Bc3 h5 45. Bc6 Rd6 46. Ba8 h4 47. Ke4 h3 48. Ke5 Bd5 0-1

[Event "Hastings Masters op 98th"]
[Site "Hastings"]
[Date "2024.12.31"]
[Round "5"]
[White "Ghazarian, Kirk Vagho"]
[Black "Balaji, Aaravamudhan"]
[Result "1/2-1/2"]
[WhiteElo "2501"]
[BlackElo "2364"]
[PlyCount "104"]
[EventDate "2024.12.28"]
[EventType "swiss"]
[EventRounds "9"]
[EventCountry "ENG"]
[SourceTitle "CB02_2025"]
[SourceDate "2025.01.08"]
[SourceVersion "1"]
[SourceVersionDate "2025.01.08"]
[SourceQuality "1"]

1. d4 d5 2. Nf3 Nf6 3. Bf4 c5 4. e3 Nc6 5. Be2 Bf5 6. dxc5 e6 7. Nd4 Bxc5 8. Nxf5 exf5 9. 0-0 0-0 10. c3 Ne4 11. Nd2 a6 12. Nxe4 dxe4 13. Qxd8 Rfxd8 14. Rfd1 Kf8 15. Bc4 Ke8 16. Kf1 Be7 17. h3 Bf6 18. g4 g6 19. Bd5 Ne5 20. Bxe5 Bxe5 21. gxf5 gxf5 22. Bxb7 Rab8 23. Bc6+ Ke7 24. Rxd8 Rxd8 25. Rc1 Rd6 26. Ba4 Rh6 27. Rd1 Rxh3 28. Rd7+ Kf6 29. Bb3 Rh1+ 30. Kg2 Rb1 31. Rxf7+ Kg5 32. Be6 Bf6 33. b4 h5 34. Rc7 Be5 35. Rc5 Kf6 36. Bc8 h4 37. Rc6+ Kg5 38. Rc5 Kf6 39. Rc6+ Kg5 40. Bd7 Rb2 41. Rc5 Kf6 42. Rc6+ Kg5 43. Rc5 Kf6 44. Rc6+ Kg5 45. Be8 f4 46. Rc5 h3+ 47. Kxh3 fxe3 48. Rxe5+ Kf4 49. Rxe4+ Kxe4 50. fxe3 Rxa2 51. b5 axb5 52. Bxb5 Ke5 1/2-1/2

[Event "Hastings Masters op 98th"]
[Site "Hastings"]
[Date "2024.12.28"]
[Round "1"]
[White "Ghazarian, Kirk Vagho"]
[Black "Bin Suhayl, Ieysaa"]
[Result "1-0"]
[WhiteElo "2501"]
[BlackElo "2183"]
[PlyCount "95"]
[EventDate "2024.12.28"]
[EventType "swiss"]
[EventRounds "9"]
[EventCountry "ENG"]
[SourceTitle "CB02_2025"]
[SourceDate "2025.01.08"]
[SourceVersion "1"]
[SourceVersionDate "2025.01.08"]
[SourceQuality "1"]

1. e4 e6 2. d4 d5 3. Nc3 Nf6 4. Bg5 Be7 5. e5 Nfd7 6. h4 h6 7. Bxe7 Qxe7 8. f4 a6 9. Nf3 c5 10. Qd2 Nc6 11. g4 b5 12. Ne2 f6 13. 0-0-0 fxe5 14. fxe5 Rf8 15. Rh3 cxd4 16. Nexd4 Ndxe5 17. Nxe5 Nxe5 18. Re1 Nxg4 19. Be2 e5 20. Rg3 Qxh4 21. Qc3 b4 22. Qc6+ Bd7 23. Qg6+ Kd8 24. Qb6+ Ke7 25. Qc5+ Kf6 26. Qd6+ Kf7 27. Qxd7+ Kg8 28. Qxg4 Qxg4 29. Rxg4 exd4 30. Rxd4 Rae8 31. Kd1 a5 32. Rxd5 Rd8 33. Rxd8 Rxd8+ 34. Bd3 Rd5 35. Ke2 Re5+ 36. Kf2 Rxe1 37. Kxe1 Kf7 38. Kf2 Kf6 39. Ke3 Ke5 40. c4 bxc3 41. bxc3 g5 42. Be2 Kf5 43. c4 g4 44. Kd4 h5 45. c5 Ke6 46. Ke4 g3 47. Bf1 h4 48. Bh3+ 1-0

[Event "Lagos op 2nd"]
[Site "Lagos"]
[Date "2024.10.26"]
[Round "1"]
[White "Ghazarian, Kirk Vagho"]
[Black "Gomez Cerezo, Diego Jesus"]
[Result "1-0"]
[WhiteElo "2495"]
[BlackElo "1834"]
[PlyCount "76"]
[EventDate "2024.10.26"]
[EventType "swiss"]
[EventRounds "9"]
[EventCountry "POR"]
[SourceTitle "CB45_2024"]
[Source "ChessBase"]
[SourceDate "2024.11.06"]
[SourceVersion "1"]
[SourceVersionDate "2024.11.06"]
[SourceQuality "1"]

1. g3 g6 2. Bg2 Bg7 3. c4 d6 4. Nc3 Nf6 5. Nf3 0-0 6. 0-0 e5 7. d4 Nbd7 8. e4 c6 9. h3 Qc7 10. Be3 a6 11. Rc1 Re8 12. d5 c5 13. a4 Rb8 14. Ne1 Nh5 15. Nd3 Nf8 16. Kh2 Bd7 17. Qd2 f5 18. f4 exf4 19. Nxf4 Nxf4 20. Bxf4 Be5 21. exf5 gxf5 22. Bxe5 Rxe5 23. h4 Qd8 24. Rce1 Ng6 25. Kh1 Qe7 26. Rxe5 Nxe5 27. b3 Rf8 28. Ne2 Qg7 29. Bh3 Kh8 30. a5 Rf6 31. Qe3 Ng4 32. Qg5 Qxg5 33. hxg5 Rg6 34. Bxg4 fxg4 35. Nc3 Rxg5 36. Ne4 Rg6 37. Rf7 Rg7 38. Rf8+ Rg8 1-0

[Event "Titled Tuesday intern op 27th Aug Late"]
[Site "Chess.com INT"]
[Date "2024.08.27"]
[Round "5"]
[White "Chigaev, Maksim"]
[Black "Ghazarian, Kirk Vagho"]
[Result "1/2-1/2"]
[WhiteElo "2628"]
[BlackElo "2490"]
[PlyCount "167"]
[EventDate "2024.08.27"]
[EventType "swiss (blitz)"]
[EventRounds "11"]
[EventCountry "USA"]
[SourceTitle "EXT 2025"]
[Source "ChessBase"]
[SourceDate "2024.10.14"]
[SourceVersion "1"]
[SourceVersionDate "2024.10.14"]
[SourceQuality "1"]

1. e4 c5 2. Nf3 e6 3. g3 d5 4. exd5 exd5 5. Bg2 Qe7+ 6. Kf1 Nf6 7. d4 Nc6 8. Nc3 Qd8 9. h3 Be7 10. Be3 cxd4 11. Nxd4 0-0 12. Kg1 Ne5 13. Kh2 Nc4 14. Bc1 a6 15. b3 Nb6 16. Re1 h6 17. Bb2 Re8 18. Qd3 Bd7 19. Re2 Rc8 20. Rae1 Bb4 21. a3 Rxe2 22. Rxe2 Bf8 23. Nf5 Be6 24. Nd1 Nbd7 25. Nd4 Nc5 26. Qf3 Bd7 27. Ne3 Bc6 28. Ng4 Nce4 29. Nf5 d4 30. Nxd4 Bd5 31. Nxf6+ Nxf6 32. Qf5 Bxg2 33. Kxg2 Rc5 34. Qf3 Qc8 35. c4 b5 36. cxb5 axb5 37. g4 Nh7 38. h4 Nf6 39. b4 Rc4 40. g5 hxg5 41. hxg5 Nh7 42. g6 fxg6 43. Qf4 Nf6 44. Qf3 Kh8 45. Ne6 Kg8 46. Bxf6 gxf6 47. Qxf6 Qb7+ 48. f3 Qf7 49. Qxf7+ Kxf7 50. Nxf8 Kxf8 51. Re5 Rc3 52. Rxb5 Rxa3 53. Rb7 Rb3 54. Kg3 Kg8 55. Kg4 Kf8 56. b5 Kg8 57. b6 Kf8 58. f4 Rb5 59. Rb8+ Kg7 60. Kg3 Kh7 61. Kf3 Rb4 62. b7 Kg7 63. Ke3 Rb5 64. Kd4 Rb1 65. Ke5 Rb5+ 66. Kd6 Rb1 67. Kc5 Rb2 68. Kd4 Rb1 69. Kc3 Rb6 70. Kc2 Rb5 71. Kd3 Rb1 72. Ke4 Rb4+ 73. Kf3 Rb1 74. Kg4 Rb4 75. Kh3 Rb3+ 76. Kg2 Rb1 77. Kf3 Rb2 78. Ke3 Rb4 79. Kd3 Rb5 80. Kc3 Rb6 81. Kc4 Rb1 82. Kc5 Rb2 83. Kc4 Rb1 84. Kc5 1/2-1/2

[Event "Titled Tuesday intern op 27th Aug Late"]
[Site "Chess.com INT"]
[Date "2024.08.27"]
[Round "4"]
[White "Decker, Thomas"]
[Black "Ghazarian, Kirk Vagho"]
[Result "0-1"]
[WhiteElo "2300"]
[BlackElo "2490"]
[PlyCount "82"]
[EventDate "2024.08.27"]
[EventType "swiss (blitz)"]
[EventRounds "11"]
[EventCountry "USA"]
[SourceTitle "EXT 2025"]
[Source "ChessBase"]
[SourceDate "2024.10.14"]
[SourceVersion "1"]
[SourceVersionDate "2024.10.14"]
[SourceQuality "1"]

1. e4 c5 2. Nf3 e6 3. c3 d5 4. exd5 exd5 5. d4 Nc6 6. Be2 Bd6 7. Be3 cxd4 8. Nxd4 Nge7 9. 0-0 0-0 10. Nd2 Re8 11. Bg5 f6 12. Bh4 Nxd4 13. cxd4 Nf5 14. Nf3 Nxh4 15. Nxh4 Qb6 16. Bh5 g6 17. Bf3 Be6 18. Re1 g5 19. Rxe6 Bxh2+ 20. Kxh2 Qxe6 21. Qb3 Qd6+ 22. g3 gxh4 23. Rg1 Kh8 24. Qxb7 Rab8 25. Qxd5 Qxd5 26. Bxd5 Rxb2 27. Rg2 hxg3+ 28. Kxg3 Rd8 29. Bb3 Rxd4 30. Kf3 Rd8 31. Kf4 Rbd2 32. Kf5 R2d6 33. f4 Rc8 34. Be6 Re8 35. Bb3 a5 36. Bf7 Rf8 37. Be6 Rc6 38. Bb3 h6 39. Rg6 Kh7 40. Bc2 Rc5+ 41. Ke6 Rxc2 0-1

[Event "Titled Tuesday intern op 27th Aug Late"]
[Site "Chess.com INT"]
[Date "2024.08.27"]
[Round "7"]
[White "Svane, Frederik"]
[Black "Ghazarian, Kirk Vagho"]
[Result "1-0"]
[WhiteElo "2636"]
[BlackElo "2490"]
[PlyCount "79"]
[EventDate "2024.08.27"]
[EventType "swiss (blitz)"]
[EventRounds "11"]
[EventCountry "USA"]
[SourceTitle "EXT 2025"]
[Source "ChessBase"]
[SourceDate "2024.10.14"]
[SourceVersion "1"]
[SourceVersionDate "2024.10.14"]
[SourceQuality "1"]

1. e4 c5 2. Nf3 e6 3. d3 d5 4. Qe2 Be7 5. g3 Nf6 6. Bg2 Nc6 7. 0-0 0-0 8. e5 Nd7 9. c4 dxc4 10. dxc4 Qc7 11. Bf4 Nd4 12. Nxd4 cxd4 13. h4 Nc5 14. Rd1 Rd8 15. Nd2 Bd7 16. h5 h6 17. Ne4 Nxe4 18. Bxe4 Bc6 19. Bc2 Bg5 20. Bxg5 hxg5 21. Rd2 Rd7 22. Re1 d3 23. Rxd3 Rad8 24. Red1 Rxd3 25. Rxd3 Rxd3 26. Qxd3 Kf8 27. b4 Ke7 28. Qe3 Qd7 29. Qxg5+ Kf8 30. Qe3 b6 31. Be4 Qd1+ 32. Kg2 Be8 33. c5 Qxh5 34. Bf3 Qf5 35. c6 Qc2 36. b5 Qxa2 37. Qd4 Qc2 38. Qd6+ Kg8 39. Qd8 Kf8 40. c7 1-0

[Event "Titled Tuesday intern op 20th Aug Late"]
[Site "Chess.com INT"]
[Date "2024.08.20"]
[Round "10"]
[White "Ghazarian, Kirk Vagho"]
[Black "Gavrilin, Roman"]
[Result "1-0"]
[WhiteElo "2490"]
[BlackElo "2185"]
[PlyCount "61"]
[EventDate "2024.08.20"]
[EventType "swiss (blitz)"]
[EventRounds "11"]
[EventCountry "USA"]
[SourceTitle "EXT 2025"]
[Source "ChessBase"]
[SourceDate "2024.10.14"]
[SourceVersion "1"]
[SourceVersionDate "2024.10.14"]
[SourceQuality "1"]

1. d4 Nf6 2. Nf3 e6 3. Bf4 d5 4. e3 Bd6 5. Ne5 c5 6. c3 Qc7 7. Nd2 Nc6 8. Ndf3 Ne4 9. Bd3 f6 10. Nxc6 bxc6 11. Bxd6 Qxd6 12. Bxe4 dxe4 13. Nd2 f5 14. 0-0 Ba6 15. Re1 0-0 16. Qa4 Bd3 17. Qa3 Rab8 18. Nb3 f4 19. Qxc5 Qxc5 20. dxc5 e5 21. Red1 a5 22. exf4 a4 23. Nc1 Bc2 24. Rd2 Rxb2 25. fxe5 e3 26. fxe3 Bd3 27. Rxd3 Rff2 28. e6 Rxg2+ 29. Kf1 Rbf2+ 30. Ke1 h5 31. e7 1-0

[Event "Titled Tuesday intern op 20th Aug Late"]
[Site "Chess.com INT"]
[Date "2024.08.20"]
[Round "1"]
[White "Prabhu, Naveen"]
[Black "Ghazarian, Kirk Vagho"]
[Result "1-0"]
[WhiteElo "2116"]
[BlackElo "2490"]
[PlyCount "119"]
[EventDate "2024.08.20"]
[EventType "swiss (blitz)"]
[EventRounds "11"]
[EventCountry "USA"]
[SourceTitle "EXT 2025"]
[Source "ChessBase"]
[SourceDate "2024.10.14"]
[SourceVersion "1"]
[SourceVersionDate "2024.10.14"]
[SourceQuality "1"]

1. e4 c5 2. Nf3 d6 3. d4 cxd4 4. Nxd4 Nf6 5. Nc3 Nc6 6. Bg5 e6 7. Qd2 a6 8. 0-0-0 Bd7 9. f4 b5 10. Bxf6 gxf6 11. Kb1 b4 12. Nce2 h5 13. f5 Qb6 14. Nxc6 Bxc6 15. Nd4 Bh6 16. Qe1 e5 17. Nxc6 Qxc6 18. Qxb4 Ke7 19. Qc4 Qb6 20. Qd5 Rab8 21. b3 Rbc8 22. Bc4 Rhf8 23. Qd3 a5 24. a4 Rc5 25. Ka2 Rfc8 26. Rb1 Qb4 27. Rhd1 R8c6 28. Bb5 Rxc2+ 29. Rb2 Rxb2+ 30. Kxb2 Rc7 31. Bc4 Qc5 32. Qd5 Qxd5 33. Rxd5 Ra7 34. Rb5 Be3 35. Rb8 h4 36. Rh8 Bf2 37. Kc3 Rc7 38. Kd3 Rb7 39. Ke2 Bd4 40. Rxh4 Rb8 41. Rh7 Rf8 42. h4 Bb2 43. g4 Bc1 44. Kf3 Bd2 45. Ke2 Bc1 46. Kd3 Bf4 47. Kc3 Bg3 48. g5 fxg5 49. hxg5 Bf4 50. g6 Kf6 51. Bxf7 Rc8+ 52. Bc4 Be3 53. Rd7 Bd4+ 54. Kd3 Bc5 55. g7 d5 56. Bxd5 Bd4 57. g8Q Rc3+ 58. Kd2 Be3+ 59. Kxc3 Bd2+ 60. Kd3 1-0

[Event "Titled Tuesday intern op 20th Aug Late"]
[Site "Chess.com INT"]
[Date "2024.08.20"]
[Round "7"]
[White "Yang, Kaiqi"]
[Black "Ghazarian, Kirk Vagho"]
[Result "0-1"]
[WhiteElo "2481"]
[BlackElo "2490"]
[PlyCount "60"]
[EventDate "2024.08.20"]
[EventType "swiss (blitz)"]
[EventRounds "11"]
[EventCountry "USA"]
[SourceTitle "EXT 2025"]
[Source "ChessBase"]
[SourceDate "2024.10.14"]
[SourceVersion "1"]
[SourceVersionDate "2024.10.14"]
[SourceQuality "1"]

1. Nf3 d5 2. g3 b6 3. Bg2 Bb7 4. c4 dxc4 5. Qa4+ Nd7 6. 0-0 e6 7. Ne5 Bxg2 8. Kxg2 c5 9. Na3 Bd6 10. Naxc4 Bxe5 11. Nxe5 Qc7 12. d4 cxd4 13. Bf4 Qb7+ 14. f3 Ngf6 15. Rac1 0-0 16. Qxd4 Nxe5 17. Bxe5 Rad8 18. Qh4 Nd7 19. Bd6 Rfe8 20. Rfd1 h6 21. Bc7 Qa6 22. Bxd8 Qxe2+ 23. Kh3 Nc5 24. Be7 Nd3 25. Rxd3 Qxd3 26. Rc3 Qf1+ 27. Kg4 f5+ 28. Kh5 Kh7 29. Qd4 Qh3+ 30. Bh4 g6# 0-1

[Event "Titled Tuesday intern op 13th Aug Late"]
[Site "Chess.com INT"]
[Date "2024.08.13"]
[Round "7"]
[White "Ghazarian, Kirk Vagho"]
[Black "Ahmad, Khagan"]
[Result "1-0"]
[WhiteElo "2490"]
[BlackElo "2388"]
[PlyCount "79"]
[EventDate "2024.08.13"]
[EventType "swiss (blitz)"]
[EventRounds "11"]
[EventCountry "USA"]
[SourceTitle "EXT 2025"]
[Source "ChessBase"]
[SourceDate "2024.10.14"]
[SourceVersion "1"]
[SourceVersionDate "2024.10.14"]
[SourceQuality "1"]

1. d4 Nf6 2. Nf3 d5 3. Bf4 c5 4. e3 Nc6 5. Nbd2 Nh5 6. dxc5 Nxf4 7. exf4 g6 8. Nb3 Bg7 9. c3 0-0 10. Bb5 Qc7 11. g3 Rd8 12. 0-0 b6 13. cxb6 Qxb6 14. Bxc6 Qxc6 15. Re1 Bg4 16. Qd3 Rab8 17. Ne5 Bxe5 18. Rxe5 d4 19. cxd4 Bh3 20. Qe4 Rbc8 21. Qxc6 Rxc6 22. Rc5 Re6 23. Rc2 a5 24. Rd2 a4 25. Nc5 Red6 26. Nxa4 h5 27. Nc3 h4 28. a4 hxg3 29. hxg3 Bc8 30. a5 Bb7 31. d5 e6 32. Ne4 Ra6 33. Nc5 Ra7 34. Nxb7 Rxb7 35. a6 Ra7 36. d6 Kf8 37. b4 Rb8 38. d7 Ke7 39. b5 Kd8 40. Rc1 1-0

[Event "Titled Tuesday intern op 13th Aug Early"]
[Site "Chess.com INT"]
[Date "2024.08.13"]
[Round "3"]
[White "Ghazarian, Kirk Vagho"]
[Black "Jimenez Almeida, Luis David"]
[Result "0-1"]
[WhiteElo "2490"]
[BlackElo "2206"]
[PlyCount "90"]
[EventDate "2024.08.13"]
[EventType "swiss (blitz)"]
[EventRounds "11"]
[EventCountry "USA"]
[SourceTitle "EXT 2025"]
[Source "ChessBase"]
[SourceDate "2024.10.14"]
[SourceVersion "1"]
[SourceVersionDate "2024.10.14"]
[SourceQuality "1"]

1. d4 g6 2. e4 Bg7 3. Nc3 d6 4. g3 a6 5. a4 b6 6. Bg2 Bb7 7. Nge2 e6 8. 0-0 Ne7 9. Be3 0-0 10. Qd2 Nd7 11. Rad1 e5 12. b3 Re8 13. h3 Qc8 14. f4 exd4 15. Bxd4 Bxd4+ 16. Nxd4 Nc6 17. Nde2 Nf6 18. g4 Qe6 19. Ng3 Rad8 20. Nd5 Rc8 21. g5 Nd7 22. Qc3 Ne7 23. Rde1 Bxd5 24. exd5 Nxd5 25. Qd3 Qxe1 26. Rxe1 Rxe1+ 27. Kf2 Nxf4 28. Qd2 Nxg2 29. Kxg2 Rce8 30. h4 Nc5 31. a5 R1e5 32. axb6 cxb6 33. Qd4 R5e6 34. h5 Ne4 35. h6 f6 36. Nxe4 Rxe4 37. Qd5+ R8e6 38. gxf6 Kf7 39. Qb7+ Kxf6 40. Qg7+ Kg5 41. Qf7 Re2+ 42. Kf1 Re1+ 43. Kg2 R6e2+ 44. Kf3 Rf1+ 45. Kxe2 Rxf7 0-1